书目信息 |
| 题名: |
名家谈孟姜女哭长城
|
|
| 作者: | 顾颉刚 著 ;陶玮 选编 | |
| 分册: | ||
| 出版信息: | 北京 文化艺术出版社 2006 |
|
| 页数: | 308页 | |
| 开本: | 23cm | |
| 丛书名: | 名家谈四大传说 | |
| 单 册: | ||
| 中图分类: | I207.7-53 | |
| 科图分类: | ||
| 主题词: | 民间故事--文学研究--中国--文集 | |
| 电子资源: | ||
| ISBN: | 7-5039-2901-4 | |
| 000 | 00929nam0 2200253 450 | |
| 001 | TS2006045885 | |
| 005 | 20061205141334.96 | |
| 010 | @a7-5039-2901-4@dCNY32.00 | |
| 100 | @a20060829d2006 em y0chiy0120 ea | |
| 101 | 0 | @achi |
| 102 | @aCN@b110000 | |
| 105 | @aa z 000yy | |
| 200 | 1 | @a名家谈孟姜女哭长城@AMing Jia Tan Meng Jiang Nu^ Ku Chang Cheng@f顾颉刚等著@FGu Jie Gang Deng Zhu@g陶玮选编 |
| 210 | @a北京@c文化艺术出版社@d2006 | |
| 215 | @a308页@c图@d23cm | |
| 225 | 2 | @a名家谈四大传说 |
| 330 | @a本书讲述的是关于人与神, 人与妖, 人与仙, 人与人之间的千古爱情绝唱, 千百年来以故事, 歌谣, 诗文, 戏曲以及民间工艺美术等多种多样的文艺方式, 流传和演变在广袤的中华大地上. | |
| 410 | 0 | @12001 @a名家谈四大传说 |
| 606 | 0 | @a民间故事@x文学研究@y中国@x文集 |
| 690 | @aI207.7-53@v4 | |
| 701 | 0 | @a顾颉刚@AGu Jie Gang@4著 |
| 702 | 0 | @a陶玮@ATao Wei@4选编 |
| 801 | 0 | @aCN@b中图数据@c20061205 |
| 905 | @a10447@dI207.7-53@e520 | |
| 名家谈孟姜女哭长城/顾颉刚等著/陶玮选编.-北京:文化艺术出版社,2006 |
| 308页:图;23cm.-(名家谈四大传说) |
| ISBN 7-5039-2901-4:CNY32.00 |
| 本书讲述的是关于人与神, 人与妖, 人与仙, 人与人之间的千古爱情绝唱, 千百年来以故事, 歌谣, 诗文, 戏曲以及民间工艺美术等多种多样的文艺方式, 流传和演变在广袤的中华大地上. |
| ● |
| 相关链接 |
|
|
|
|
正题名:名家谈孟姜女哭长城
索取号:I207.7-53/520
 
预约/预借
| 序号 | 登录号 | 条形码 | 馆藏地/架位号 | 状态 | 备注 |
| 1 | 0613300 | 206133003 | 第一样本阅览室/ [索取号:I207.7-53/520] | 在馆 | |
| 2 | 0613301 | 206133012 | 第二借阅区/ [索取号:I207.7-53/520] | 在馆 | |
| 3 | 0613302 | 206133021 | 第二借阅区/ [索取号:I207.7-53/520] | 在馆 | |
| 4 | 0613303 | 206133030 | 第二借阅区/ [索取号:I207.7-53/520] | 在馆 | |
| 5 | 0613304 | 206133049 | 第二借阅区/ [索取号:I207.7-53/520] | 在馆 |